000 00517nam a2200133Ia 4500
008 100328s9999 xx 000 0 und d
082 _b38571
100 _aकुलकर्णी प्रि.खं.
245 _aउर्जा प्रश्न आशा उद्याच्या
260 _bराजहंस
630 _aउर्जा प्रश्न आशा उद्याच्या
730 _aउर्जा प्रश्न आशा उद्याच्या
942 _cBOOK
999 _c527732
_d527729